000 01028nam a2200289 a 4500
001 BRL_1937
005 20190320211437.0
008 190815s1960----mx-ah#####---#000-0#eng-#
041 _aeng
044 _amx
050 4 _aF1219
_b.A37 1960
100 1 _aCaso, Alfonso
_d1896-1970
_918336
245 1 0 _aInterpretation of the codex bodley, 2858
_cAlfonso Caso ; traslated by Ruth Morales and revised by John Paddock.
260 _aMexico city
_bSociedad Mexicana de Antropología
_c1960
300 _a89 p.
_bil.
_c33 cm.
_e+ 1 facsimile (23 láms. en forma de biombo : col. ; 28 x 31 cm.)
500 _aAu388
500 _aEl material esta encuadernado en una caja (38 x 34 cm.)
504 _aBibliografía: p. 87
630 0 4 _aCodex bodley
_928271
650 1 4 _aManuscritos mexicanos
_xFacsímiles
_95310
650 1 4 _aMixtecos
_vEscritura
_928272
650 1 4 _aIndígenas de México
_xLenguas - Escritura
_928273
700 1 _aMorales, Ruth
_928274
700 1 _aPaddock, John
_926273
902 _aGRL
942 _2lcc
_cB
999 _c10745
_d10745